[Event "Druzynowe Mistrzostwa Polski - II Liga Seniorow"]
[Site "Ustron/Slaski Zwiazek Szachowy"]
[Date "2008.09.12"]
[Round "6.84"]
[White "Filipkowska, Martyna"]
[Black "Sikorska, Agata"]
[Result "0-1"]
[WhiteTitle "II"]
[BlackTitle "m"]
[WhiteElo "1580"]
[BlackElo "2108"]

1. c4 e5 2. Nc3 Nc6 3. Nf3 d6 4. g3 g6 5. Bg2 Bg7 6. O-O f5 7. d3 Nf6 8. Bg5 h6
9. Bxf6 Qxf6 10. Nd5 Qf7 11. Nd2 O-O 12. Rb1 a5 13. f4 Be6 14. e4 Nd4 15. Nf3
Nxf3+ 16. Qxf3 c6 17. Ne3 Rad8 18. b3 Qc7 19. Kh1 Kh7 20. exf5 gxf5 21. Qh5 Qf7
22. Qxf7 Rxf7 23. Rbd1 Bc8 24. fxe5 dxe5 25. g4 f4 26. Be4+ Kh8 27. Nf5 Bf8 28.
h3 h5 29. Rf2 Bc5 30. Rg2 Rf6 31. Kh2 hxg4 32. Nh4 Rh6 33. Ng6+ Kg7 34. h4 Rxg6
35. Bxg6 Kxg6 36. Re2 Kf5 37. Red2 Rh8 38. Rh1 Rxh4+ 39. Kg2 f3+ 0-1

[Event "Druzynowe Mistrzostwa Polski - II Liga Seniorow"]
[Site "Ustron/Slaski Zwiazek Szachowy"]
[Date "2008.09.12"]
[Round "6.85"]
[White "Steczek, Marcin"]
[Black "Banasik, Krzysztof"]
[Result "1-0"]
[WhiteTitle "FM"]
[BlackTitle "k"]
[WhiteElo "2342"]
[BlackElo "2215"]

1. c4 e5 2. Nc3 Nf6 3. Nf3 Nc6 4. g3 d5 5. cxd5 Nxd5 6. Bg2 Nb6 7. O-O Be7 8.
a3 O-O 9. b4 Re8 10. d3 Bf8 11. Bb2 Rb8 12. Rc1 Bg4 13. Re1 h6 14. Ne4 Bxf3 15.
Bxf3 Nd4 16. Bg2 c6 17. Nc5 Nd5 18. e3 Nb5 19. Qb3 Nbc7 20. Red1 a6 21. e4 Nf6
22. d4 exd4 23. Bxd4 Bxc5 24. Bxc5 Qc8 25. Qc2 Qe6 26. Rd6 Qe5 27. f4 Qh5 28.
g4 Rbd8 29. Rcd1 Rxd6 30. Rxd6 Qxg4 31. Bb6 Qc8 32. Qd3 Ne6 33. Qd2 Nc7 34. h3
Kh7 35. Qd3 Kg8 36. Kh2 Kh8 37. Qd2 Kh7 38. Bxc7 Qxc7 39. e5 Nd5 40. Qc2+ 1-0

[Event "Druzynowe Mistrzostwa Polski - II Liga Seniorow"]
[Site "Ustron/Slaski Zwiazek Szachowy"]
[Date "2008.09.12"]
[Round "6.86"]
[White "Tustanowski, Robert"]
[Black "Walaszczyk, Witold"]
[Result "1-0"]
[WhiteTitle "m"]
[BlackTitle "k"]
[WhiteElo "2281"]
[BlackElo "2247"]

1. e4 d6 2. d4 Nf6 3. Nc3 g6 4. Nge2 Bg7 5. h3 O-O 6. g4 e5 7. Bg2 Nc6 8. Be3
Bd7 9. f4 exd4 10. Nxd4 Re8 11. Qd3 Nb4 12. Qd2 c5 13. Nde2 Bc6 14. Ng3 Nxe4
15. Ncxe4 d5 16. Bxc5 Na6 17. O-O-O Qh4 18. Bf2 dxe4 19. Nf5 e3 20. Nxh4 exd2+
21. Rxd2 Bxg2 22. Nxg2 Nb4 23. c3 Nc6 24. Ne3 Rac8 25. Rhd1 b5 26. Kb1 b4 27.
cxb4 Nxb4 28. Nd5 a5 29. Bh4 Nxd5 30. Rxd5 Rb8 31. b3 a4 32. Rd8 axb3 33. Rxe8+
Rxe8 34. axb3 Bh6 35. f5 gxf5 36. gxf5 Re3 37. Kc2 Rxh3 38. Bf6 Re3 39. Rd8+
Bf8 40. Bd4 Re7 41. f6 Rc7+ 42. Kd2 Rc6 43. Ke3 h5 44. b4 Re6+ 45. Kf4 Rd6 46.
Rxf8+ 1-0

[Event "Druzynowe Mistrzostwa Polski - II Liga Seniorow"]
[Site "Ustron/Slaski Zwiazek Szachowy"]
[Date "2008.09.12"]
[Round "6.87"]
[White "Szadkowski, Krzysztof"]
[Black "Siekaniec, Jan"]
[Result "0-1"]
[WhiteTitle "I++"]
[BlackTitle "k"]
[WhiteElo "2132"]
[BlackElo "2184"]

1. e4 c5 2. Nf3 d6 3. d4 cxd4 4. Nxd4 Nf6 5. Nc3 a6 6. Bg5 e6 7. f4 Qc7 8. Qf3
Nbd7 9. O-O-O Be7 10. g4 h6 11. Bxf6 Bxf6 12. h4 Qb6 13. Nb3 Nc5 14. Bg2 Bd7
15. g5 Nxb3+ 16. axb3 Be7 17. Na4 Qc7 18. Qe3 Rc8 19. Nc3 b5 20. Rd2 hxg5 21.
fxg5 Qc5 22. Qg3 Qe5 23. Qg4 g6 24. Rf1 a5 25. Bh3 a4 26. Nd5 a3 27. c3 axb2+
28. Kxb2 b4 29. Rf3 bxc3+ 30. Rxc3 Bd8 31. Kc2 Rxc3+ 32. Nxc3 Ba5 33. Rd3 Qh2+
34. Rd2 Qe5 35. Rd3 Bc6 36. Nd5 Bb5 37. Rf3 exd5 38. Qc8+ Bd8 39. Qb7 Qxe4+ 40.
Kb2 Qxf3 41. Qxb5+ Kf8 42. Qd7 Kg7 43. h5 Bxg5 0-1

[Event "Druzynowe Mistrzostwa Polski - II Liga Seniorow"]
[Site "Ustron/Slaski Zwiazek Szachowy"]
[Date "2008.09.12"]
[Round "6.88"]
[White "Szczesniak, Konrad"]
[Black "Swiatnicki, Andrzej"]
[Result "0-1"]
[WhiteTitle "k"]
[BlackTitle "k"]
[WhiteElo "2248"]
[BlackElo "2192"]

1. d4 d5 2. c4 c6 3. Nc3 Nf6 4. Nf3 Qb6 5. Qa4 e6 6. c5 Qc7 7. g3 b6 8. b4 a5
9. Bf4 Qb7 10. b5 bxc5 11. Rb1 Nfd7 12. Ne5 Nxe5 13. Bxe5 Qd7 14. bxc6 Nxc6 15.
e3 c4 16. Nb5 Kd8 17. Bc7+ Ke7 18. Bd6+ Kf6 19. Be5+ Kg6 20. e4 Bb4+ 21. Rxb4
Nxb4 22. Bg2 Nd3+ 23. Kd2 Nxe5 24. dxe5 Ba6 25. Qd1 dxe4+ 26. Nd6 f5 27. Bxe4
h5 28. Bxa8 Rxa8 29. g4 hxg4 30. h3 c3+ 31. Ke1 Qc6 32. Rg1 Kh7 33. Qc2 Qc5 34.
Nxf5 Qxe5+ 35. Ne3+ Kg8 36. Rxg4 Rd8 37. Qg6 c2 38. Qxc2 Qa1+ 39. Nd1 Qe5+ 40.
Qe4 Qd6 41. Qc2 Qh2 42. Qg6 Qh1+ 43. Rg1 Qb7 44. Qxe6+ Kh8 45. Qe5 Qd7 0-1

[Event "Druzynowe Mistrzostwa Polski - II Liga Seniorow"]
[Site "Ustron/Slaski Zwiazek Szachowy"]
[Date "2008.09.12"]
[Round "6.89"]
[White "Rupental, Janusz"]
[Black "Grajdek, Jaroslaw"]
[Result "1-0"]
[WhiteTitle "I"]
[BlackTitle "I+"]
[WhiteElo "2027"]
[BlackElo "2092"]

1. e4 e5 2. Nf3 d6 3. Bc4 c6 4. d4 Nd7 5. O-O Be7 6. Nc3 Ngf6 7. h3 O-O 8. Bb3
b6 9. Re1 Bb7 10. Bg5 h6 11. Bh4 a6 12. Bg3 Qc7 13. Nh4 exd4 14. Qxd4 c5 15.
Qd2 Rfd8 16. Ng6 Ne5 17. Nxe7+ Qxe7 18. Nd5 Bxd5 19. Bxd5 Rab8 20. Rad1 Nh5 21.
Bh2 Qf6 22. c3 g5 23. f4 Nxf4 24. Rf1 Neg6 25. g3 Nxh3+ 26. Kg2 Nhf4+ 27. gxf4
gxf4 28. Bxf4 Nxf4+ 29. Qxf4 Qxf4 30. Rxf4 Rd7 31. Rdf1 Rf8 32. R1f3 1-0

[Event "Druzynowe Mistrzostwa Polski - II Liga Seniorow"]
[Site "Ustron/Slaski Zwiazek Szachowy"]
[Date "2008.09.12"]
[Round "6.90"]
[White "Buksa, Ewelina"]
[Black "Smolenska, Olga"]
[Result "0-1"]
[WhiteTitle "II"]
[BlackTitle "I"]
[WhiteElo "1555"]
[BlackElo "1932"]

1. e4 d5 2. exd5 Nf6 3. Nf3 Nxd5 4. d4 Bg4 5. h3 Bh5 6. Be2 Nc6 7. O-O e6 8. b3
Bd6 9. Bb2 Qf6 10. Qd2 Nf4 11. Qe3 Qg6 12. Nh4 Qxc2 13. Bxh5 Qxb2 14. Bxf7+
Kxf7 15. Nc3 Qxc3 0-1

[Event "Druzynowe Mistrzostwa Polski - II Liga Seniorow"]
[Site "Ustron/Slaski Zwiazek Szachowy"]
[Date "2008.09.12"]
[Round "6.91"]
[White "Niedzwiedz, Marek"]
[Black "Lusio, Stanislaw"]
[Result "1-0"]
[WhiteTitle "I++"]
[BlackTitle "I"]
[WhiteElo "2088"]
[BlackElo "1964"]

1. e4 c5 2. Nf3 e6 3. d4 cxd4 4. Nxd4 a6 5. Nc3 b5 6. Bd3 Bb7 7. O-O Qc7 8.
Nce2 Bd6 9. f4 Nc6 10. Kh1 Bc5 11. Be3 Nb4 12. a3 Nxd3 13. cxd3 d6 14. Rc1 Qd7
15. b4 Ba7 16. Qc2 Nf6 17. Qb2 O-O 18. Rf3 Rfd8 19. Rg3 Ne8 20. Rf1 f6 21. Qb3
d5 22. f5 exf5 23. exf5 Kh8 24. Ne6 Rdc8 25. Bxa7 Rxa7 26. N2d4 Qf7 27. Qd1 Ba8
28. Qg4 Kg8 29. Ne2 Rd7 30. N2f4 Rc3 31. Nh5 Kh8 32. Qh4 g5 33. Qd4 Rc8 34.
Rxg5 Rc6 35. Nhf4 Rc8 36. h3 Re7 37. Rh5 Rd7 38. Ng6+ Kg8 39. Qh4 d4 40. Ngf8
Rc2 41. Rg1 Re7 42. Qg4+ Kh8 43. Ng6+ Kg8 44. Ne5+ Qg7 45. Nxg7 Rxg7 46. Ng6
Bb7 47. Qd1 Rb2 48. Nh4 Rg3 49. Kh2 Rg7 50. Nf3 Nd6 51. Nd2 Nf7 52. Qc1 Ra2 53.
Rh4 Ne5 54. Rxd4 Rg5 55. Rd8+ Kg7 56. Qc7+ Kh6 57. Qxb7 Rxd2 58. Rh8 Rg7 59.
Qe4 Kh5 60. Kh1 Rxd3 61. Qf4 Rdg3 62. Rxh7+ Rxh7 63. Qxg3 1-0

[Event "Druzynowe Mistrzostwa Polski - II Liga Seniorow"]
[Site "Ustron/Slaski Zwiazek Szachowy"]
[Date "2008.09.12"]
[Round "6.92"]
[White "Lach, Ireneusz"]
[Black "Graczyk, Konrad"]
[Result "1-0"]
[WhiteTitle "I"]
[BlackTitle "II"]
[WhiteElo "1999"]
[BlackElo "1907"]

1. d4 d5 2. Nf3 e6 3. c4 f5 4. e3 Nf6 5. Be2 c6 6. O-O Bd6 7. b3 Qe7 8. Bb2 O-O
9. Ne5 Nbd7 10. a4 Ne4 11. f3 Nef6 12. Nd2 a5 13. Qc2 Nh5 14. f4 Nhf6 15. c5
Bc7 16. Bc3 Ne4 17. Nxe4 fxe4 18. Qd2 Nxe5 19. fxe5 Bd7 20. Rxf8+ Kxf8 21. Rf1+
Kg8 22. Qe1 Be8 23. Bd1 Qg5 24. Rf4 Bh5 25. h4 Qh6 26. g4 Bf7 27. Qf2 Rf8 28.
Be1 g6 29. g5 Qg7 30. Bg4 Rb8 31. Qf1 Re8 32. Qh3 Qf8 33. Rf1 Qe7 34. Rf6 Qf8
35. Bxe6 Bxe6 36. Rxe6 Rxe6 37. Qxe6+ Kg7 38. Qf6+ Qxf6 39. exf6+ Kf7 40. Kg2
b6 41. cxb6 Bxb6 42. b4 axb4 43. Bxb4 Ke6 44. a5 Ba7 45. Bc5 1-0

[Event "Druzynowe Mistrzostwa Polski - II Liga Seniorow"]
[Site "Ustron/Slaski Zwiazek Szachowy"]
[Date "2008.09.12"]
[Round "6.93"]
[White "Polok, Kacper"]
[Black "Pietal, Leszek"]
[Result "1-0"]
[WhiteTitle "I"]
[BlackTitle "I"]
[WhiteElo "1903"]
[BlackElo "1961"]

1. e4 c5 2. Nc3 Nc6 3. Bb5 a6 4. Bxc6 dxc6 5. d3 e5 6. Nf3 Qc7 7. O-O f6 8. Be3
b6 9. Nd2 Be6 10. f4 exf4 11. Bxf4 Bd6 12. Bxd6 Qxd6 13. Nf3 Ne7 14. Nh4 O-O
15. Qe2 c4 16. Rad1 cxd3 17. cxd3 c5 18. Kh1 Nc6 19. Qe3 Nd4 20. b3 Rad8 21.
Rd2 Rd7 22. Ne2 Rfd8 23. Nf3 Nxe2 24. Qxe2 Bg4 25. Qe3 Bxf3 26. gxf3 Qd4 27.
Qxd4 Rxd4 28. Rfd1 g5 29. Kg2 Kf7 30. Kf2 Ke6 31. Ke3 Ke5 32. h4 h6 33. hxg5
hxg5 34. Rh1 b5 35. Rh7 c4 36. bxc4 bxc4 37. Re7+ Kd6 38. Kxd4 Kxe7+ 39. Kxc4
Kd6 40. d4 Rb8 41. Rc2 Rb1 42. Rc3 Rb8 43. Rb3 Rc8+ 44. Kd3 Ke7 45. Rb7+ Ke8
46. Rb6 f5 47. Rg6 fxe4+ 48. fxe4 Rb8 49. Rg8+ 1-0

[Event "Druzynowe Mistrzostwa Polski - II Liga Seniorow"]
[Site "Ustron/Slaski Zwiazek Szachowy"]
[Date "2008.09.12"]
[Round "6.94"]
[White "Lusio, Marek"]
[Black "Graczyk, Damian"]
[Result "1/2-1/2"]
[WhiteTitle "II"]
[BlackTitle "I"]
[WhiteElo "1824"]
[BlackElo "1863"]

1. d4 f5 2. Nf3 e6 3. g3 Nf6 4. Nc3 d5 5. Bg2 c6 6. Bf4 Bd6 7. Be5 O-O 8. O-O
Qe7 9. a3 Nbd7 10. e3 Ne4 11. Ne2 b6 12. Rc1 Ba6 13. Bxd6 Qxd6 14. Nd2 e5 15.
f4 exd4 16. exd4 Ndf6 17. Nxe4 Nxe4 18. Re1 Rae8 19. Bxe4 fxe4 20. Nc3 Rf6 21.
Re3 Rg6 22. Kh1 Bc8 23. h4 Bg4 24. Qe1 Rf8 25. Ne2 Bf3+ 26. Kh2 Rg4 27. Kh3 Qe6
28. Kh2 Qg6 29. Qf2 Rf5 30. Ng1 Rfxf4 31. Nxf3 Rxf3 32. Rxf3 exf3 33. c3 Qd3
34. Re1 Re4 35. Kg1 Kf7 36. Rf1 Re3 37. Re1 Rxe1+ 38. Qxe1 Qc2 39. Qf2 Qd1+ 40.
Qf1 Qxf1+ 41. Kxf1 Kf6 42. Kf2 Kf5 43. Kxf3 h5 44. b3 g6 45. b4 b5 46. Ke3 Kg4
47. Kf2 g5 48. hxg5 Kxg5 49. Kf3 Kf5 50. Ke3 Kg4 51. Kf2 h4 52. gxh4 Kxh4 53.
Kf3 Kg5 54. Kg3 Kf5 55. Kf3 a6 56. Ke3 Kg4 57. Ke2 Kg3 58. Ke3 Kg4 59. Ke2 Kf4
60. Kf2 Ke4 61. Ke2 Kf4 62. Kf2 1/2-1/2

[Event "Druzynowe Mistrzostwa Polski - II Liga Seniorow"]
[Site "Ustron/Slaski Zwiazek Szachowy"]
[Date "2008.09.12"]
[Round "6.97"]
[White "Rys, Marek"]
[Black "Denderski, Piotr"]
[Result "0-1"]
[WhiteTitle "II"]
[BlackTitle "k"]
[WhiteElo "1828"]
[BlackElo "2272"]

1. d4 Nf6 2. Nf3 g6 3. c4 Bg7 4. Nc3 O-O 5. e4 d6 6. Be2 Bg4 7. O-O Nc6 8. h3
Bxf3 9. Bxf3 e5 10. dxe5 dxe5 11. Bg5 Nd4 12. Nd5 c6 13. Nxf6+ Bxf6 14. Be3 Qe7
15. Bxd4 exd4 16. Qd3 h5 17. Be2 Rfe8 18. Bf3 h4 19. g4 hxg3 20. fxg3 Qe5 21.
Bg2 Bg5 22. Qf3 Re7 23. h4 Be3+ 24. Kh2 Kg7 25. Qg4 Qe6 26. Qf3 Rh8 27. Rae1
Qe5 28. Qg4 Qe6 29. Qf3 b5 30. b3 bxc4 31. bxc4 Rb7 32. Rb1 Rxb1 33. Rxb1 g5
34. Bh3 Qxc4 35. Rb7 Qxa2+ 36. Bg2 Qe6 37. Bh3 Qf6 38. Bf5 gxh4 39. g4 h3 40.
Qg3 Re8 41. Kh1 Qe5 42. Qh4 Rh8 43. Bh7 Qf4 0-1

[Event "Druzynowe Mistrzostwa Polski - II Liga Seniorow"]
[Site "Ustron/Slaski Zwiazek Szachowy"]
[Date "2008.09.12"]
[Round "6.98"]
[White "Klekowski, Maciej"]
[Black "Mackowiak, Marek"]
[Result "0-1"]
[WhiteTitle "I++"]
[BlackTitle "k"]
[WhiteElo "2197"]
[BlackElo "2197"]

1. c4 e5 2. Nc3 Nf6 3. d3 g6 4. g3 Bg7 5. Bg2 O-O 6. f4 exf4 7. gxf4 c6 8. e4
d5 9. e5 Ng4 10. Nf3 dxc4 11. d4 Bf5 12. O-O Na6 13. b3 Qa5 14. Bd2 Ne3 15.
Bxe3 Qxc3 16. Bd2 Qd3 17. Rc1 cxb3 18. Rc3 Qe4 19. Qxb3 Rab8 20. Nh4 Qxd4+ 21.
Be3 Qd7 22. Nxf5 gxf5 23. Bxa7 Ra8 24. Rd1 Qe7 25. Bb6 Qb4 26. Rd4 Qxb3 27.
axb3 Rfe8 28. Rg3 Re6 29. Bf1 Rg6 30. Bd3 Bf8 31. Bxf5 Rxg3+ 32. hxg3 Bc5 33.
Bxc5 Nxc5 34. b4 Ra1+ 35. Kg2 Na6 36. Bd3 Ra4 37. f5 Rxb4 38. Rd8+ Kg7 39. f6+
Kh6 40. e6 Rb2+ 41. Kf3 Nc7 42. exf7 Ne6 43. Bf5 Ng5+ 44. Ke3 Nxf7 45. Rg8 Rb3+
46. Kd4 Rb4+ 47. Kc3 Rb5 48. g4 Nd6 49. g5+ Kh5 50. Be6 Rxg5 51. f7 Nxf7 52.
Bxf7+ Kg4 53. Rb8 b5 54. Kd3 Kf4 55. Rh8 Rg7 56. Bg8 Rd7+ 57. Kc3 Rd8 58. Kb4
Kg5 59. Kc5 h5 60. Kb4 Rb8 61. Kb3 c5 62. Kc3 b4+ 63. Kb2 c4 64. Kb1 c3 65. Rh7
Rxg8 66. Rb7 Re8 67. Rxb4 h4 68. Rb7 h3 69. Rh7 Re3 70. Kc2 Kg4 71. Kd1 Kg3 72.
Rg7+ Kf2 73. Rh7 Kg2 74. Rg7+ Rg3 75. Rf7 h2 0-1

[Event "Druzynowe Mistrzostwa Polski - II Liga Seniorow"]
[Site "Ustron/Slaski Zwiazek Szachowy"]
[Date "2008.09.12"]
[Round "6.99"]
[White "Rys, Sebastian"]
[Black "Piesik, Piotr"]
[Result "0-1"]
[WhiteTitle "I+"]
[BlackTitle "I++"]
[WhiteElo "1973"]
[BlackElo "2150"]

1. e4 e6 2. d4 d5 3. exd5 exd5 4. Bd3 Bd6 5. Nf3 Ne7 6. O-O O-O 7. c3 Bf5 8.
Re1 Bxd3 9. Qxd3 f6 10. Nbd2 Nbc6 11. Nf1 Qd7 12. Bd2 Rae8 13. Re2 a6 14. Ne3
Nd8 15. Rae1 g6 16. Bc1 Nf7 17. b3 Bf4 18. h3 Nd6 19. c4 dxc4 20. bxc4 b5 21.
Ba3 Bxe3 22. Rxe3 bxc4 23. Qc2 Nec8 24. Bc5 Nb6 25. Qc1 Rxe3 26. Rxe3 Re8 27.
Qa3 Rxe3 28. fxe3 Nd5 29. Qxa6 Nxe3 30. d5 Nef5 31. Nd4 Nxd4 32. Bxd4 Kf7 33.
a4 Qe8 34. Qc6 Qxc6 35. dxc6 Ke6 36. a5 Kd5 37. Bxf6 Kxc6 38. Bd8 c3 39. Kf2
0-1

[Event "Druzynowe Mistrzostwa Polski - II Liga Seniorow"]
[Site "Ustron/Slaski Zwiazek Szachowy"]
[Date "2008.09.12"]
[Round "6.100"]
[White "Pfranger, Adam"]
[Black "Sron, Przemyslaw"]
[Result "1/2-1/2"]
[WhiteTitle "k"]
[BlackTitle "I"]
[WhiteElo "2161"]
[BlackElo "1893"]

1. e4 c5 2. c4 Nc6 3. Nc3 g6 4. g3 Bg7 5. Bg2 Nf6 6. Nge2 O-O 7. O-O d6 8. d3
Ne8 9. a3 a6 10. Rb1 Rb8 11. b4 b5 12. cxb5 axb5 13. Be3 cxb4 14. axb4 e5 15.
d4 exd4 16. Nxd4 Nxd4 17. Bxd4 Be6 18. Bxg7 Nxg7 19. Qd4 Qb6 20. Rfd1 Qxd4 21.
Rxd4 Rb6 22. Bf1 Rfb8 23. Ra1 Bb3 24. Nd5 Bxd5 25. Rxd5 Ne8 26. Ra7 Kf8 27. Kg2
Nf6 28. Rd4 Re8 29. Kf3 Re5 30. Ra8+ Re8 31. Ra5 Re5 32. Kf4 g5+ 33. Kf3 d5 34.
exd5 Rxd5 35. Rxd5 Nxd5 36. Rxb5 Rxb5 37. Bxb5 Nxb4 38. Ke4 Ke7 39. Kd4 Kd6 40.
h3 f6 1/2-1/2

[Event "Druzynowe Mistrzostwa Polski - II Liga Seniorow"]
[Site "Ustron/Slaski Zwiazek Szachowy"]
[Date "2008.09.12"]
[Round "6.101"]
[White "Rubinowski, Sebastian"]
[Black "Ziebinski, Bartosz"]
[Result "0-1"]
[WhiteTitle "I++"]
[BlackTitle "I"]
[WhiteElo "2106"]
[BlackElo "1939"]

1. e4 c5 2. Nf3 d6 3. d4 cxd4 4. Nxd4 Nf6 5. Nc3 a6 6. g3 e5 7. Nb3 Be6 8. Bg5
Be7 9. Bxf6 Bxf6 10. Nd5 Bg5 11. Bg2 O-O 12. O-O f5 13. f4 Bh6 14. exf5 Rxf5
15. g4 Rxf4 16. Nxf4 Bxf4 17. Bd5 Qd7 18. Qf3 Nc6 19. c3 Rf8 20. Kg2 Ne7 21.
Bxe6+ Qxe6 22. h3 d5 23. Qe2 Nc6 24. Rad1 Rf7 25. Nc5 Qd6 26. Qc4 Ne7 27. Qb4
Qc6 28. Rde1 b6 29. Nd3 d4+ 30. Rf3 e4 31. Rxf4 exd3+ 32. Kg1 Rxf4 33. Rxe7 d2
34. Qb3+ Kf8 35. Re2 dxc3 36. bxc3 Rf1+ 37. Kh2 Qh1+ 38. Kg3 Rf3+ 39. Kh4 Qxh3+
40. Kg5 Qh6# 0-1

[Event "Druzynowe Mistrzostwa Polski - II Liga Seniorow"]
[Site "Ustron/Slaski Zwiazek Szachowy"]
[Date "2008.09.12"]
[Round "6.102"]
[White "Pacak, Patrycja"]
[Black "Napierala, Malgorzata"]
[Result "1-0"]
[WhiteTitle "I"]
[BlackTitle "I"]
[WhiteElo "1771"]
[BlackElo "1767"]

1. e4 e5 2. Nc3 Nf6 3. f4 Nc6 4. Nf3 Bb4 5. fxe5 Bxc3 6. dxc3 Nxe4 7. Qd5 f5 8.
Bc4 Rf8 9. O-O Ne7 10. Qd3 d5 11. exd6 Qxd6 12. Nd4 Bd7 13. Bf4 Qb6 14. Be3
O-O-O 15. Ne6 Qxb2 16. Nxf8 Rxf8 17. Qxe4 fxe4 18. Rxf8+ Be8 19. Be6+ Kd8 20.
Rd1+ Nd5 21. Bg5# 1-0